Manifiesto de Montecristi / (Registro nro. 13975)

Detalles MARC
000 -LIDER
fixed length control field 00921nam a2200253 a 4500
001 - NÚMERO DE CONTROL
Identificador de número de control 000029156
003 - IDENTIFICACDOR DE NÚMERO DE CONTROL
control field OSt
005 - DATE AND TIME OF LATEST TRANSACTION
control field 20220126092614.0
008 - ELEMENTOS DE LONGITUD FIJA
fixed length control field 110413s2007 dr 000 0 spa d
040 ## - FUENTE DE CATALOGACIÓN
Agencia que crea de manera original el registro DO-SdBNP
Idioma de catalogación spa
Agencia que realiza la transcripción BNPHU
082 ## - NÚMERO DE CLASIFICACIÓN DECIMAL DE DEWEY
Classification number 972.9105
Item number M278 2007
Edition number 22
245 00 - MENCIÓN DE TITULO
Título Manifiesto de Montecristi /
Mención de responsabilidad edición Tomás Castro Burdiez
260 ## - PUBLICACIÓN, DISTRIBUCIÓN, ETC. (PIE DE IMPRENTA)
Lugar de publicación, distribución, etc Santo Domingo :
Nombre del editor, distribuidor, etc. Fundación Juan Bosch,
Fecha de publicación, distribución, etc 2007.
300 ## - DESCRIPCIÓN FÍSICA
Extensión 23 p. ;
Dimensiones 21 cm.
500 ## - NOTA GENERAL
Materiales especificados Incluye referencias biblográficas y notas al pie de la páginas
504 ## - NOTA DE BIBLIOGRAFÍA, ETC.
Bibliography, etc Incluye referencias bibliográficas y notas al pie de la páginas
590 ## - NOTA LOCAL
Enlace Inventariado, 2022/VM
600 14 - ENCABEZAMIENTO DE MATERIA--NOMBRE PERSONAL
Nombre personal Martí, José
Fechas asociadas con el nombre 1853-1895
Subdivisión temática general Pensamiento político
651 #4 - ENCABEZAMIENTO DE MATERIA--NOMBRE GEOGRÁFICO
Nombre geográfico Cuba
Subdivisión temática general Historia
Subdivisión cronológica Guerra de independencia, 1885-1889
Subdivisión de forma
700 1# - ASIENTO SECUNDARIO -- NOMBRE PERSONAL
Nombre personal Castro Burdiez, Tomás
Mención de responsabilidad ed.
710 2# - ASIENTO SECUNDARIO -- NOMBRE CORPORATIVO
Nombre corporativo o de jurisdicción Fundación Juan Bosch (República Dominicana)
910 ## - VALIDACIÓN
Validación VMateo V.
942 ## - ADDED ENTRY ELEMENTS (KOHA)
Source of classification or shelving scheme Dewey Decimal Classification
Koha item type Libros
Existencias
Withdrawn status Lost status Source of classification or shelving scheme Damaged status Not for loan Collection code Home library Current library Date acquired Total Checkouts Full call number Barcode Date last seen Price effective from Koha item type Source of acquisition Copy number
    Dewey Decimal Classification     Colección Dominicana Biblioteca Pública Metropolitana Salomé Ureña Biblioteca Pública Metropolitana Salomé Ureña 01/26/2022   BPMSU CD 972.9105 M278m 2007 BPMSU22010067 01/26/2022 01/26/2022 Libros    
    Dewey Decimal Classification     Colección Dominicana Biblioteca Pública Metropolitana Salomé Ureña Biblioteca Pública Metropolitana Salomé Ureña 01/26/2022   BPMSU CD 972.9105 M278m 2007 BPMSU22010068 01/26/2022 01/26/2022 Libros Fundacón Juan Bosch e.2